[Event "Catalunya-ch U50"]
[Site "Santa Susanna"]
[Date "2022.05.18"]
[Round "4"]
[White "Simon Padros, Emili"]
[Black "Coll Sola, Joan"]
[Result "1/2-1/2"]
[WhiteElo "2156"]
[BlackElo "1946"]
[PlyCount "55"]
[EventDate "2022.05.15"]
[EventType "swiss"]
[EventRounds "8"]
[EventCountry "CAT"]
[SourceTitle "EXT 2023"]
[Source "ChessBase"]
[SourceDate "2022.10.05"]
[SourceVersion "1"]
[SourceVersionDate "2022.10.05"]
[SourceQuality "1"]

1. e4 c5 2. Nc3 e6 3. Nf3 Nc6 4. d4 cxd4 5. Nxd4 Qc7 6. Be3 a6 7. Qd2 Nf6 8. f3 Be7 9. 0-0-0 b5 10. g4 Nxd4 11. Bxd4 Bb7 12. g5 Nh5 13. Ne2 Rc8 14. c3 b4 15. Kb1 bxc3 16. Bxc3 d5 17. e5 g6 18. Bh3 0-0 19. Bg4 Ng7 20. h4 d4 21. Nxd4 Rfd8 22. Qe2 Qb6 23. Nb3 Rd5 24. Rxd5 Bxd5 25. Ba5 Qb7 26. Rc1 Rxc1+ 27. Nxc1 Nf5 28. Bxf5 1/2-1/2

[Event "ESP-ch Seniors 65"]
[Site "Altea"]
[Date "2021.11.03"]
[Round "5"]
[White "Coll Sola, Joan"]
[Black "Millan Urrutia, Juan Antonio"]
[Result "0-1"]
[WhiteElo "1959"]
[BlackElo "1812"]
[PlyCount "95"]
[EventDate "2021.10.31"]
[EventType "swiss"]
[EventRounds "9"]
[EventCountry "ESP"]
[SourceTitle "CBM 205 Extra"]
[Source "ChessBase"]
[SourceDate "2022.01.31"]
[SourceVersion "1"]
[SourceVersionDate "2022.01.31"]
[SourceQuality "1"]

1. e4 e5 2. Nf3 Nf6 3. Nxe5 d6 4. Nf3 Nxe4 5. d4 d5 6. Bd3 Nc6 7. 0-0 Be7 8. c4 Nb4 9. Nc3 Nxc3 10. bxc3 Nxd3 11. Qxd3 dxc4 12. Qxc4 0-0 13. Bf4 c6 14. Rfe1 Be6 15. Rxe6 fxe6 16. Qxe6+ Kh8 17. Ne5 Rxf4 18. Nf7+ Rxf7 19. Qxf7 Qe8 20. Qb3 Rb8 21. Re1 Qf8 22. g3 h6 23. f4 Bf6 24. Qe6 c5 25. g4 cxd4 26. g5 hxg5 27. Rf1 dxc3 28. Qh3+ Kg8 29. Qe6+ Qf7 30. Qxf7+ Kxf7 31. fxg5 b5 32. gxf6 gxf6 33. Kf2 Rd8 34. Ke3 Rd2 35. Rc1 Rxh2 36. a3 a5 37. Kd4 b4 38. Kc4 Rb2 39. a4 Re2 40. Kb5 Re5+ 41. Kc4 f5 42. Rf1 Kf6 43. Kd4 Re2 44. Kc4 Ra2 45. Kb5 Ke5 46. Kxa5 b3 47. Kb4 b2 48. Re1+ 0-1

[Event "ESP-ch Seniors 65"]
[Site "Altea"]
[Date "2021.11.01"]
[Round "3"]
[White "Coll Sola, Joan"]
[Black "Sancho Castiello, Federico"]
[Result "1-0"]
[WhiteElo "1959"]
[BlackElo "1724"]
[PlyCount "99"]
[EventDate "2021.10.31"]
[EventType "swiss"]
[EventRounds "9"]
[EventCountry "ESP"]
[SourceTitle "CBM 205 Extra"]
[Source "ChessBase"]
[SourceDate "2022.01.31"]
[SourceVersion "1"]
[SourceVersionDate "2022.01.31"]
[SourceQuality "1"]

1. e4 c5 2. Nf3 e6 3. d4 cxd4 4. Nxd4 Nc6 5. Nc3 a6 6. Be3 Qc7 7. Qd2 Nf6 8. f3 b5 9. g4 Be7 10. g5 Nh5 11. Nxc6 dxc6 12. 0-0-0 e5 13. Qf2 0-0 14. h4 Be6 15. Bh3 Qc8 16. Bxe6 Qxe6 17. Kb1 a5 18. Bc5 a4 19. Rd2 Rfd8 20. Rhd1 Rxd2 21. Rxd2 f6 22. gxf6 Qxf6 23. Bxe7 Qxe7 24. Qb6 Rc8 25. Qa6 Rc7 26. a3 h6 27. Qb6 Nf4 28. Qb8+ Kh7 29. Rd8 Rb7 30. Qc8 Qf7 31. Rh8+ Kg6 32. Qg4+ Kf6 33. Qf5+ Ke7 34. Qxe5+ Ne6 35. Rc8 Kd7 36. Rb8 Rxb8 37. Qxb8 Qxf3 38. Qa7+ Kd6 39. Qb8+ Kd7 40. e5 Qf1+ 41. Ka2 Qc4+ 42. Ka1 Qf1+ 43. Nb1 Qf8 44. Qa7+ Nc7 45. Qd4+ Nd5 46. c4 Qf4 47. e6+ Ke8 48. Qxg7 Ne7 49. Qh8+ Qf8 50. Qd4 1-0

[Event "Wch Seniors 65 29th"]
[Site "Bucharest"]
[Date "2019.11.14"]
[Round "3"]
[White "Coll Sola, Joan"]
[Black "Virtanen, Esko"]
[Result "1-0"]
[WhiteElo "1965"]
[BlackElo "1755"]
[PlyCount "65"]
[EventDate "2019.11.12"]
[EventType "swiss"]
[EventRounds "11"]
[EventCountry "ROU"]
[SourceTitle "CBM 193 Extra"]
[Source "ChessBase"]
[SourceDate "2020.01.31"]
[SourceVersion "1"]
[SourceVersionDate "2020.01.31"]
[SourceQuality "1"]

1. e4 d5 2. exd5 Qxd5 3. Nf3 Nf6 4. Be2 e6 5. 0-0 Be7 6. d4 c6 7. c4 Qa5 8. Nc3 0-0 9. Bd2 Qc7 10. a3 a5 11. Rb1 Rd8 12. b4 b6 13. Qb3 axb4 14. axb4 Bb7 15. Rfd1 Nbd7 16. Bg5 h6 17. Bh4 Ra7 18. Bg3 Bd6 19. Bxd6 Qxd6 20. Ne5 Rda8 21. c5 Qc7 22. Nc4 Nd5 23. Nxd5 cxd5 24. Nd6 Ra3 25. Qxa3 Rxa3 26. Nb5 Ba6 27. Nxc7 Bxe2 28. Re1 Bc4 29. c6 Nf6 30. Ra1 Rb3 31. b5 Bxb5 32. Nxb5 Rxb5 33. c7 1-0

[Event "Wch Seniors 65 29th"]
[Site "Bucharest"]
[Date "2019.11.12"]
[Round "1"]
[White "Coll Sola, Joan"]
[Black "Maryasin, Boris Feliksovich"]
[Result "0-1"]
[WhiteElo "1965"]
[BlackElo "2301"]
[PlyCount "179"]
[EventDate "2019.11.12"]
[EventType "swiss"]
[EventRounds "11"]
[EventCountry "ROU"]
[SourceTitle "CBM 193 Extra"]
[Source "ChessBase"]
[SourceDate "2020.01.31"]
[SourceVersion "1"]
[SourceVersionDate "2020.01.31"]
[SourceQuality "1"]

1. c4 c5 2. Nc3 Nc6 3. e4 g6 4. g3 Bg7 5. Bg2 Nf6 6. Nge2 0-0 7. 0-0 Ne8 8. d3 d6 9. a3 Nc7 10. Rb1 a5 11. Be3 e5 12. f4 Nd4 13. b4 axb4 14. axb4 exf4 15. Bxf4 Nce6 16. Be3 h5 17. bxc5 dxc5 18. Nd5 h4 19. g4 h3 20. Bxh3 Qh4 21. Bg2 Be5 22. Nxd4 Nxd4 23. Bf4 Bxg4 24. Qe1 Ne2+ 25. Kh1 Qxe1 26. Rbxe1 Nxf4 27. Nxf4 Ra3 28. Rb1 Bxf4 29. Rxf4 Be2 30. Bf1 Bxd3 31. Bxd3 Rxd3 32. Rxb7 Rd4 33. Kg2 Rxc4 34. Kf3 Rc1 35. Rc7 c4 36. e5 c3 37. Rfc4 Re8 38. R7c5 c2 39. Kf4 Rf1+ 40. Ke4 Re1+ 41. Kf4 R8xe5 42. Rxc2 Rxc5 43. Rxc5 Kg7 44. Rc7 Rf1+ 45. Kg3 Kh6 46. Rc8 Rg1+ 47. Kf2 Ra1 48. Kg3 Ra3+ 49. Kg2 Kg5 50. Rc5+ f5 51. Rb5 Kg4 52. Rb2 f4 53. Rc2 g5 54. Rb2 Re3 55. Ra2 Re5 56. Rb2 Kh4 57. Ra2 g4 58. Ra8 Re2+ 59. Kg1 Rd2 60. Rh8+ Kg5 61. Rg8+ Kf5 62. Rg7 Ke4 63. Re7+ Kf3 64. Re1 Rg2+ 65. Kh1 Re2 66. Rf1+ Ke3 67. Kg1 f3 68. Ra1 Rg2+ 69. Kh1 Rd2 70. Kg1 Rd4 71. Rb1 Kf4 72. Rb8 Rd1+ 73. Kf2 Rd2+ 74. Kg1 Rg2+ 75. Kh1 Re2 76. Kg1 Re1+ 77. Kf2 Rh1 78. Rf8+ Ke5 79. Re8+ Kf6 80. Rh8 Rb1 81. Rh5 Rb2+ 82. Kg1 Re2 83. Kf1 Re5 84. Rh8 Kg5 85. Rh7 Kf4 86. Rh4 Rb5 87. h3 Ke3 88. Kg1 Rb1+ 89. Kh2 f2 90. Kg2 0-1

[Event "ESP-ch Seniors 65+"]
[Site "Altea"]
[Date "2017.10.14"]
[Round "8"]
[White "Coll Sola, Joan"]
[Black "Dominguez Rueda, Juan"]
[Result "1/2-1/2"]
[WhiteElo "2045"]
[BlackElo "2135"]
[PlyCount "108"]
[EventDate "2017.10.07"]
[EventType "swiss"]
[EventRounds "9"]
[EventCountry "ESP"]
[SourceTitle "CBM 181 Extra"]
[Source "ChessBase"]
[SourceDate "2017.12.12"]
[SourceVersion "1"]
[SourceVersionDate "2017.12.12"]
[SourceQuality "1"]

1. e4 e5 2. Nf3 d6 3. d4 Nd7 4. dxe5 dxe5 5. Bc4 c6 6. 0-0 Be7 7. Ng5 Bxg5 8. Qh5 g6 9. Qxg5 Qxg5 10. Bxg5 Nc5 11. Nd2 Ne6 12. Be3 Nf6 13. Nf3 Nxe4 14. Nxe5 Nd6 15. Bb3 Nf5 16. Rfe1 0-0 17. Rad1 Nxe3 18. Rxe3 Nc5 19. Bc4 Kg7 20. b4 Ne6 21. g3 a5 22. b5 cxb5 23. Bxb5 Nc5 24. Bc4 Bf5 25. Nd3 Rad8 26. Rb1 Nxd3 27. cxd3 Rd7 28. Kf1 Rc7 29. Rb5 a4 30. Rbe5 Kf6 31. Rb5 Bd7 32. Rb6+ Kg7 33. Ke1 Re8 34. Kd2 Kf8 35. Rxe8+ Kxe8 36. Bd5 Bc8 37. Rb4 a3 38. Rc4 Rxc4 39. dxc4 Ke7 40. Kc3 f6 41. Kb4 Kd6 42. Kxa3 Kc5 43. Bg8 h6 44. Kb3 b6 45. Kc3 g5 46. a3 Bh3 47. f4 Bf1 48. h4 Be2 49. fxg5 fxg5 50. Bf7 gxh4 51. gxh4 Bf1 52. Kb3 Be2 53. Kc3 Bf1 54. Bg8 Be2 1/2-1/2

[Event "Catalunya-ch Seniors"]
[Site "Vila Seca"]
[Date "2017.05.26"]
[Round "7"]
[White "Coll Sola, Joan"]
[Black "Cerdans Costa, Ferran"]
[Result "1/2-1/2"]
[WhiteElo "2057"]
[BlackElo "1732"]
[PlyCount "70"]
[EventDate "2017.05.20"]
[EventType "swiss"]
[EventRounds "9"]
[EventCountry "ESP"]
[SourceTitle "CBM 178 Extra"]
[Source "ChessBase"]
[SourceDate "2017.06.22"]
[SourceVersion "1"]
[SourceVersionDate "2017.06.22"]
[SourceQuality "1"]

1. c4 c6 2. e4 d5 3. exd5 cxd5 4. cxd5 Qxd5 5. Nc3 Qd8 6. Nf3 g6 7. Bc4 Bg7 8. d4 Nf6 9. 0-0 0-0 10. h3 Nbd7 11. Re1 Nb6 12. Bb3 Nbd5 13. Nxd5 Nxd5 14. Bxd5 Qxd5 15. Rxe7 b6 16. Bf4 Rd8 17. Be5 f6 18. Bc7 Rf8 19. Qb3 Qxb3 20. axb3 Bb7 21. Bf4 Rf7 22. Rae1 Bd5 23. b4 Bf8 24. Re8 Rxe8 25. Rxe8 Kg7 26. Bd2 Rd7 27. Bc3 Kf7 28. Re1 g5 29. Nd2 f5 30. f3 Bd6 31. Nf1 h5 32. Ne3 Bg3 33. Ra1 Ke6 34. Nxd5 Kxd5 35. Rd1 Re7 1/2-1/2

[Event "Catalunya-ch Seniors"]
[Site "Vila Seca"]
[Date "2017.05.21"]
[Round "2"]
[White "Basas Gamazo, Josep"]
[Black "Coll Sola, Joan"]
[Result "1-0"]
[WhiteElo "1925"]
[BlackElo "2057"]
[PlyCount "91"]
[EventDate "2017.05.20"]
[EventType "swiss"]
[EventRounds "9"]
[EventCountry "ESP"]
[SourceTitle "CBM 178 Extra"]
[Source "ChessBase"]
[SourceDate "2017.06.22"]
[SourceVersion "1"]
[SourceVersionDate "2017.06.22"]
[SourceQuality "1"]

1. e4 c5 2. Nf3 e6 3. d4 cxd4 4. Nxd4 Nc6 5. Nc3 Qc7 6. Be3 a6 7. Qd2 Nf6 8. f3 Be7 9. 0-0-0 b5 10. g4 Nxd4 11. Bxd4 Bb7 12. g5 Nh5 13. Kb1 0-0 14. Be3 Rad8 15. Qf2 Rc8 16. Bd3 Nf4 17. h4 d5 18. Bxf4 Qxf4 19. exd5 exd5 20. Ne2 Qc7 21. f4 d4 22. Rhg1 Bd6 23. h5 Rce8 24. h6 g6 25. f5 Bc5 26. Ng3 Re3 27. a4 Rf3 28. Qe1 Bc6 29. axb5 axb5 30. fxg6 fxg6 31. Qe6+ Kh8 32. Nh5 Re8 33. Qg4 gxh5 34. Qxh5 Qe5 35. Bxh7 Bd5 36. Bd3 Rff8 37. Qg6 Bg8 38. Rge1 Re6 39. Qxe6 Qxe6 40. Rxe6 Bxe6 41. g6 Re8 42. g7+ Kg8 43. Rg1 Kf7 44. Bg6+ Ke7 45. Bxe8 Kxe8 46. h7 1-0

[Event "Catalunya-ch Seniors"]
[Site "Vila Seca"]
[Date "2017.05.20"]
[Round "1"]
[White "Coll Sola, Joan"]
[Black "Pera Lucas, Eugeni"]
[Result "1-0"]
[WhiteElo "2057"]
[BlackElo "1855"]
[PlyCount "87"]
[EventDate "2017.05.20"]
[EventType "swiss"]
[EventRounds "9"]
[EventCountry "ESP"]
[SourceTitle "CBM 178 Extra"]
[Source "ChessBase"]
[SourceDate "2017.06.22"]
[SourceVersion "1"]
[SourceVersionDate "2017.06.22"]
[SourceQuality "1"]

1. e4 e5 2. Nf3 Nc6 3. Bb5 a6 4. Bxc6 dxc6 5. 0-0 Bg4 6. h3 h5 7. d3 Qf6 8. Nbd2 Be6 9. Re1 Be7 10. Nf1 Qg6 11. Nxe5 Qh7 12. f4 f6 13. Nf3 Nh6 14. f5 Bd7 15. Nh4 0-0-0 16. Ng6 Rhe8 17. Qxh5 c5 18. Bf4 Bd6 19. Ne3 Bc6 20. Ng4 Bxf4 21. Nxf4 Rh8 22. Ng6 Be8 23. Rf1 Kb8 24. Nxh6 Qxh6 25. Qxh6 Rxh6 26. Nf4 Bf7 27. b3 Rhh8 28. Rf3 b5 29. Rg3 Rh7 30. Kf2 Kb7 31. Re1 c4 32. Ng6 cxb3 33. axb3 a5 34. Ra1 Kb6 35. Ke3 c5 36. Nf4 Ra8 37. d4 cxd4+ 38. Kxd4 Rd8+ 39. Nd5+ Kc6 40. c4 bxc4 41. bxc4 Bxd5 42. exd5+ Kb6 43. Rb3+ Ka6 44. Rb5 1-0

[Event "ESP-ch Seniors 65"]
[Site "Altea"]
[Date "2016.10.16"]
[Round "9"]
[White "Coll Sola, Joan"]
[Black "Ortega Morales, Pedro"]
[Result "1-0"]
[WhiteElo "2084"]
[BlackElo "1788"]
[PlyCount "108"]
[EventDate "2016.10.09"]
[EventType "swiss"]
[EventRounds "9"]
[EventCountry "ESP"]
[SourceTitle "EXT 2024"]
[Source "ChessBase"]
[SourceDate "2023.10.10"]
[SourceVersion "1"]
[SourceVersionDate "2023.10.10"]
[SourceQuality "1"]

1. c4 e5 2. Nc3 Nf6 3. g3 Nc6 4. Bg2 Bc5 5. e3 0-0 6. Nge2 Re8 7. 0-0 a5 8. d4 exd4 9. Nxd4 Ne5 10. b3 c6 11. Bb2 d6 12. h3 Ng6 13. Qd3 Bd7 14. Rfd1 Qc8 15. Kh2 Bb6 16. Nde2 Bc7 17. Ba3 d5 18. cxd5 cxd5 19. Nxd5 Nxd5 20. Qxd5 Bc6 21. Qd2 Bxg2 22. Kxg2 Qe6 23. Qd5 Qxd5+ 24. Rxd5 Rad8 25. Rad1 Rxd5 26. Rxd5 Rd8 27. Rxd8+ Bxd8 28. Bb2 f6 29. Kf3 Kf7 30. Ke4 Ne7 31. Nd4 g6 32. g4 Bb6 33. Ba3 Nc6 34. Nxc6 bxc6 35. Bb2 Ke6 36. f3 Ke7 37. Bd4 Bc7 38. Kd3 Ke6 39. a4 Bd8 40. Kc4 Kd6 41. Bc5+ Ke6 42. Ba7 Be7 43. Bd4 f5 44. Bc3 Bd8 45. Kc5 fxg4 46. fxg4 Kd7 47. Bd4 h5 48. gxh5 gxh5 49. Bc3 Bc7 50. e4 Bd8 51. e5 Be7+ 52. Kb6 Bd8+ 53. Ka6 Ke6 54. Bxa5 Kd5 1-0

[Event "ESP-ch Seniors 65"]
[Site "Altea"]
[Date "2016.10.14"]
[Round "7"]
[White "Coll Sola, Joan"]
[Black "Sevillano Garcia, Joaquin"]
[Result "1-0"]
[WhiteElo "2084"]
[BlackElo "1819"]
[PlyCount "112"]
[EventDate "2016.10.09"]
[EventType "swiss"]
[EventRounds "9"]
[EventCountry "ESP"]
[SourceTitle "EXT 2024"]
[Source "ChessBase"]
[SourceDate "2023.10.10"]
[SourceVersion "1"]
[SourceVersionDate "2023.10.10"]
[SourceQuality "1"]

1. e4 e6 2. d4 d5 3. Nd2 Nf6 4. e5 Nfd7 5. Bd3 c5 6. c3 Nc6 7. Ne2 cxd4 8. cxd4 f6 9. exf6 Nxf6 10. Nf3 Bd6 11. Bf4 Bxf4 12. Nxf4 Qd6 13. g3 0-0 14. 0-0 e5 15. dxe5 Nxe5 16. Nxe5 Qxe5 17. Re1 Qg5 18. Qb3 Kh8 19. h4 Qh6 20. Nxd5 Nxd5 21. Qxd5 Qf6 22. Re2 Bg4 23. Qe4 Bf5 24. Qxf5 Qxf5 25. Bxf5 Rxf5 26. Rd1 Rf7 27. f4 h6 28. Red2 Rc7 29. Kf2 Rac8 30. Rd8+ Rxd8 31. Rxd8+ Kh7 32. Ke3 Rc2 33. Rd2 Rc7 34. Ke4 Re7+ 35. Kf3 Rc7 36. g4 Re7 37. f5 Rc7 38. g5 hxg5 39. hxg5 Kg8 40. g6 Kf8 41. Kf4 Ke7 42. Kg5 Rc1 43. Re2+ Kf8 44. Kf4 Rc7 45. Rh2 Rc4+ 46. Ke5 Rc1 47. Kd6 Kg8 48. Kd7 Rf1 49. Re2 Rxf5 50. Re8+ Rf8 51. Rxf8+ Kxf8 52. Kc7 Ke7 53. Kxb7 Kf6 54. Kxa7 Kxg6 55. b4 Kf5 56. b5 Ke4 1-0

[Event "ESP-ch Seniors 65"]
[Site "Altea"]
[Date "2016.10.13"]
[Round "6"]
[White "Campos Calvo, Sotelo Juan"]
[Black "Coll Sola, Joan"]
[Result "1-0"]
[WhiteElo "1832"]
[BlackElo "2084"]
[PlyCount "69"]
[EventDate "2016.10.09"]
[EventType "swiss"]
[EventRounds "9"]
[EventCountry "ESP"]
[SourceTitle "EXT 2024"]
[Source "ChessBase"]
[SourceDate "2023.10.10"]
[SourceVersion "1"]
[SourceVersionDate "2023.10.10"]
[SourceQuality "1"]

1. b4 e5 2. a3 d5 3. e3 Nf6 4. c4 c6 5. Bb2 Bd6 6. Nf3 Qe7 7. Nc3 dxc4 8. Bxc4 0-0 9. d4 Nbd7 10. dxe5 Nxe5 11. Be2 Rd8 12. Qc2 Nxf3+ 13. Bxf3 Be6 14. Ne4 Nxe4 15. Bxe4 h6 16. 0-0 a5 17. bxa5 f6 18. Rfd1 Rxa5 19. Bg6 Rb5 20. Qe2 Rg5 21. Bh5 Ra5 22. Bf3 Rda8 23. g3 Bxa3 24. Bxa3 Rxa3 25. Rab1 R8a7 26. Qc2 f5 27. h4 Qf6 28. Qc5 Ra1 29. Kg2 R7a5 30. Qb6 Rxb1 31. Rxb1 Ra2 32. Qxb7 Bd5 33. Bxd5+ cxd5 34. Qxd5+ Qf7 35. Rb8+ 1-0

[Event "Catalunya-ch Seniors 31st"]
[Site "Santa Susanna"]
[Date "2015.05.30"]
[Round "8"]
[White "Coll Sola, Joan"]
[Black "Valarezo Ricard, Pedro"]
[Result "1-0"]
[WhiteElo "2190"]
[BlackElo "2053"]
[PlyCount "139"]
[EventDate "2015.05.23"]
[EventType "swiss"]
[EventRounds "9"]
[EventCountry "CAT"]
[SourceTitle "CBM 166 Extra"]
[Source "ChessBase"]
[SourceDate "2015.06.18"]
[SourceVersion "1"]
[SourceVersionDate "2015.06.18"]
[SourceQuality "1"]

1. e4 d5 2. exd5 Qxd5 3. Nf3 Bg4 4. Be2 Nc6 5. Nc3 Qd7 6. d3 e5 7. h3 Bxf3 8. Bxf3 0-0-0 9. Be3 Kb8 10. Qd2 f5 11. g3 Bb4 12. a3 Ba5 13. b4 Bb6 14. Bxb6 axb6 15. Bxc6 bxc6 16. 0-0-0 Nf6 17. Qe3 Rhe8 18. Rhe1 Kb7 19. Kb2 Nd5 20. Nxd5 cxd5 21. c4 g6 22. Qc1 c6 23. f3 Ra8 24. Qc3 d4 25. Qb3 Re7 26. Re2 Rae8 27. Rde1 f4 28. g4 h5 29. a4 hxg4 30. hxg4 Qc7 31. Ra1 Ra8 32. Rh2 Rh7 33. Rah1 Rah8 34. Qc2 Qe7 35. Kb3 Rh4 36. Rxh4 Rxh4 37. Rxh4 Qxh4 38. c5 Qh1 39. cxb6 Qxf3 40. a5 Qd5+ 41. Ka3 f3 42. Qh2 Qd6 43. Qh7+ Ka6 44. Qf7 f2 45. Ka4 Qb8 46. Qxf2 Qe8 47. Ka3 c5 48. bxc5 Kxa5 49. Qd2+ Ka6 50. Qc2 Kb7 51. Qa4 Qc8 52. Qc4 Kc6 53. Kb4 Kb7 54. Qd5+ Ka6 55. Qxe5 Qc6 56. Qxd4 Qb5+ 57. Kc3 Qa5+ 58. Qb4 Qa1+ 59. Kc4 Qc1+ 60. Kd5 Qg5+ 61. Ke6 Qe3+ 62. Qe4 Qh6 63. b7 g5+ 64. Kf5 Qf8+ 65. Kxg5 Qxc5+ 66. Kh6 Qf8+ 67. Kg5 Qg7+ 68. Kf4 Qh6+ 69. Ke5 Qh2+ 70. Kf6 1-0

[Event "Catalunya-ch Seniors 31st"]
[Site "Santa Susanna"]
[Date "2015.05.29"]
[Round "7"]
[White "Vallbona Domingo, Joan"]
[Black "Coll Sola, Joan"]
[Result "0-1"]
[WhiteElo "2118"]
[BlackElo "2190"]
[PlyCount "56"]
[EventDate "2015.05.23"]
[EventType "swiss"]
[EventRounds "9"]
[EventCountry "CAT"]
[SourceTitle "CBM 166 Extra"]
[Source "ChessBase"]
[SourceDate "2015.06.18"]
[SourceVersion "1"]
[SourceVersionDate "2015.06.18"]
[SourceQuality "1"]

1. Nf3 c5 2. c4 Nc6 3. Nc3 e5 4. g3 Nf6 5. Bg2 d6 6. 0-0 g6 7. d3 Bg7 8. a3 0-0 9. Ne1 Be6 10. Bg5 h6 11. Bxf6 Bxf6 12. Rb1 a5 13. Nc2 Ra7 14. Ne3 Bg5 15. Ned5 Bxd5 16. Nxd5 h5 17. h4 Bh6 18. b4 b6 19. e3 f6 20. bxc5 bxc5 21. Rb6 Ne7 22. f4 Kh7 23. Qb3 Bg7 24. Rb7 Rxb7 25. Qxb7 Nxd5 26. Bxd5 exf4 27. exf4 Re8 28. Qf7 Re7 0-1

[Event "Catalunya-ch Seniors"]
[Site "Santa Susanna"]
[Date "2013.05.12"]
[Round "9"]
[White "Coll Sola, Joan"]
[Black "Santolaria Pena, Manel"]
[Result "1-0"]
[WhiteElo "2062"]
[BlackElo "1903"]
[PlyCount "48"]
[EventDate "2013.05.04"]
[EventType "swiss"]
[EventRounds "9"]
[EventCountry "ESP"]
[SourceTitle "CBM 154 Extra"]
[Source "ChessBase"]
[SourceDate "2013.06.25"]
[SourceVersion "2"]
[SourceVersionDate "2013.06.25"]
[SourceQuality "1"]

1. e4 c5 2. Nf3 Nc6 3. d4 cxd4 4. Nxd4 a6 5. Nc3 Nf6 6. Be3 g6 7. Nxc6 bxc6 8. e5 Ng8 9. Bd4 e6 10. Ne4 Qc7 11. Nd6+ Ke7 12. Qf3 f5 13. exf6+ Kd8 14. Nf7+ Ke8 15. Nxh8 Qa5+ 16. Bc3 Qxc3+ 17. Qxc3 Nh6 18. f7+ Kd8 19. Qf6+ Kc7 20. Bd3 Bb7 21. 0-0-0 c5 22. Bxg6 hxg6 23. Nxg6 Ng4 24. Qf4+ Bd6 1-0